[Event "St Petersburg Korchnoi Memorial op"]
[Site "St Petersburg"]
[Date "2018.08.20"]
[Round "6"]
[White "Golovkina, Anastasia"]
[Black "Shoboev, Dandar"]
[Result "0-1"]
[WhiteElo "1933"]
[BlackElo "2157"]
[PlyCount "62"]
[EventDate "2018.08.15"]
[EventType "swiss"]
[EventRounds "9"]
[EventCountry "RUS"]
[SourceTitle "CBM 186 Extra"]
[Source "ChessBase"]
[SourceDate "2018.08.24"]
[SourceVersion "1"]
[SourceVersionDate "2018.08.24"]
[SourceQuality "1"]

1. e4 c5 2. Nf3 e6 3. d4 cxd4 4. Nxd4 Nc6 5. Nc3 Qc7 6. Be3 a6 7. Qd2 Nf6 8. f3 h5 9. 0-0-0 Be7 10. h4 b5 11. Nxc6 dxc6 12. Kb1 e5 13. Bg5 Be6 14. Qe3 Qa5 15. b3 Bb4 16. Ne2 Nd7 17. c3 Bc5 18. Qd2 b4 19. cxb4 Bxb4 20. Qc2 0-0 21. Ng3 Nb6 22. Nf5 Bxf5 23. exf5 Nd5 24. Bd2 Bxd2 25. Rxd2 Rfd8 26. Bd3 Nb4 27. Qc3 Rxd3 28. Rxd3 Qxa2+ 29. Kc1 Nxd3+ 30. Qxd3 Rb8 31. Qb1 Qxg2 0-1

[Event "St Petersburg Korchnoi Memorial op"]
[Site "St Petersburg"]
[Date "2018.08.17"]
[Round "3"]
[White "Kyshtymov, Daniil"]
[Black "Golovkina, Anastasia"]
[Result "1-0"]
[WhiteElo "2150"]
[BlackElo "1933"]
[PlyCount "51"]
[EventDate "2018.08.15"]
[EventType "swiss"]
[EventRounds "9"]
[EventCountry "RUS"]
[SourceTitle "CBM 186 Extra"]
[Source "ChessBase"]
[SourceDate "2018.08.24"]
[SourceVersion "1"]
[SourceVersionDate "2018.08.24"]
[SourceQuality "1"]

1. e4 c5 2. Nf3 d6 3. d4 cxd4 4. Nxd4 Nf6 5. Nc3 a6 6. Bg5 Nbd7 7. f4 Qc7 8. Qf3 b5 9. 0-0-0 Bb7 10. Bd3 e6 11. Rhe1 Be7 12. Qg3 0-0-0 13. Bxb5 axb5 14. Ndxb5 Qc5 15. e5 dxe5 16. fxe5 Nd5 17. Bxe7 Qxe7 18. Nxd5 Bxd5 19. Nd6+ Kb8 20. Rxd5 exd5 21. Qb3+ Nb6 22. Qxb6+ Ka8 23. Re3 Rd7 24. Ra3+ Ra7 25. Qc6+ Kb8 26. Rb3+ 1-0

[Event "Staufer op-A 30th"]
[Site "Schwaebisch Gmuend"]
[Date "2018.01.03"]
[Round "4"]
[White "Kjartansson, Gudmundur"]
[Black "Golovkina, Anastasia"]
[Result "1-0"]
[WhiteElo "2438"]
[BlackElo "2019"]
[PlyCount "61"]
[EventDate "2018.01.02"]
[EventType "swiss"]
[EventRounds "9"]
[EventCountry "GER"]
[SourceTitle "CBM 182 Extra"]
[Source "ChessBase"]
[SourceDate "2018.02.23"]
[SourceVersion "1"]
[SourceVersionDate "2018.02.23"]
[SourceQuality "1"]

1. Nf3 d5 2. g3 Nf6 3. Bg2 e6 4. 0-0 Be7 5. b3 0-0 6. c4 c6 7. Bb2 Nbd7 8. d3 b6 9. Nbd2 Bb7 10. Qc2 c5 11. e4 d4 12. b4 Qc7 13. b5 e5 14. Rae1 Rae8 15. Bc1 Bd6 16. Nh4 Nh5 17. Nf5 g6 18. Nxd6 Qxd6 19. Qd1 f6 20. f4 f5 21. exf5 Bxg2 22. Kxg2 Rxf5 23. Ne4 Qf8 24. fxe5 Rexe5 25. g4 Nf4+ 26. Kg3 Nh5+ 27. gxh5 gxh5 28. Kg2 Kh8 29. Kh1 h4 30. Bg5 h3 31. Bh4 1-0

[Event "Chigorin Memorial 25th"]
[Site "St Petersburg"]
[Date "2017.10.23"]
[Round "3"]
[White "Golovkina, Anastasia"]
[Black "Donskov, Anatoly"]
[Result "0-1"]
[WhiteElo "2035"]
[BlackElo "2308"]
[PlyCount "40"]
[EventDate "2017.10.21"]
[EventType "swiss"]
[EventRounds "9"]
[EventCountry "RUS"]
[SourceTitle "CBM 181 Extra"]
[Source "ChessBase"]
[SourceDate "2017.12.12"]
[SourceVersion "1"]
[SourceVersionDate "2017.12.12"]
[SourceQuality "1"]

1. e4 c5 2. Nf3 Nc6 3. d4 cxd4 4. Nxd4 Nf6 5. Nc3 d6 6. Bg5 e6 7. Qd2 Be7 8. 0-0-0 0-0 9. f3 Nxd4 10. Qxd4 a6 11. h4 b5 12. g4 Bb7 13. Kb1 Rc8 14. Qd2 b4 15. Ne2 Nxe4 16. fxe4 Bxe4 17. Nd4 Bxh1 18. Bd3 Bd5 19. Bxe7 Qxe7 20. g5 f5 0-1

[Event "Chigorin Memorial 25th"]
[Site "St Petersburg"]
[Date "2017.10.21"]
[Round "1"]
[White "Golovkina, Anastasia"]
[Black "Kezin, Roman"]
[Result "0-1"]
[WhiteElo "2035"]
[BlackElo "2455"]
[PlyCount "94"]
[EventDate "2017.10.21"]
[EventType "swiss"]
[EventRounds "9"]
[EventCountry "RUS"]
[SourceTitle "CBM 181 Extra"]
[Source "ChessBase"]
[SourceDate "2017.12.12"]
[SourceVersion "1"]
[SourceVersionDate "2017.12.12"]
[SourceQuality "1"]

1. e4 c5 2. Nf3 e6 3. d4 cxd4 4. Nxd4 Nc6 5. Nc3 Qc7 6. Be3 a6 7. Qd2 Nf6 8. 0-0-0 Be7 9. f3 h5 10. Kb1 b5 11. Bd3 Bb7 12. h3 h4 13. Rhe1 Ne5 14. f4 Nc4 15. Bxc4 Qxc4 16. Qd3 Rc8 17. e5 Qxd3 18. cxd3 Nh5 19. Rd2 f6 20. Ree2 0-0 21. Rf2 fxe5 22. fxe5 Ng3 23. Nf3 Rf5 24. Bd4 Rcf8 25. Ne1 Bg5 26. Rc2 Nh1 27. Rxf5 Rxf5 28. Nd1 Rf1 29. Bc3 Bf4 30. Re2 Ng3 31. Rf2 Rxf2 32. Nxf2 Ne2 33. Ng4 Nxc3+ 34. bxc3 Bd2 35. Nf3 Bxc3 36. Nxh4 Kf7 37. Kc2 Ba1 38. Nf3 Bxf3 39. gxf3 Kg6 40. Kb3 a5 41. a4 b4 42. f4 Bd4 43. Kc4 Bg1 44. d4 Kf5 45. Kd3 Kxf4 46. Nf6 b3 47. Nxd7 Bxd4 0-1

[Event "St Petersburg Summer op"]
[Site "St Petersburg"]
[Date "2017.08.20"]
[Round "5"]
[White "Eryshkanova, Anastasiya"]
[Black "Golovkina, Anastasia"]
[Result "1-0"]
[WhiteElo "2175"]
[BlackElo "1981"]
[PlyCount "87"]
[EventDate "2017.08.16"]
[EventType "swiss"]
[EventRounds "9"]
[EventCountry "RUS"]
[SourceTitle "CBM 180 Extra"]
[Source "ChessBase"]
[SourceDate "2017.10.06"]
[SourceVersion "1"]
[SourceVersionDate "2017.10.06"]
[SourceQuality "1"]

1. Nf3 d5 2. g3 Nf6 3. Bg2 e6 4. 0-0 Be7 5. c4 0-0 6. cxd5 exd5 7. d3 c5 8. d4 Nc6 9. Nc3 Ne4 10. Bf4 Nxc3 11. bxc3 Bf5 12. dxc5 Bxc5 13. Nd4 Be4 14. Nxc6 bxc6 15. Bxe4 dxe4 16. Qa4 Qd5 17. Rfd1 Qe6 18. Qb3 Qe7 19. h4 h6 20. Qc4 Rfe8 21. Kg2 Rac8 22. Rab1 e3 23. f3 g5 24. hxg5 hxg5 25. Rh1 gxf4 26. Rh5 Bd6 27. Rbh1 Be5 28. Qe4 Qe6 29. gxf4 Bg7 30. Qh7+ Kf8 31. Rg5 Qf6 32. Rh4 Rcd8 33. Rhg4 Bh6 34. Rf5 Qe6 35. Rg8+ Ke7 36. Rxe8+ Rxe8 37. Re5 Bf8 38. Rxe6+ Kxe6 39. Qe4+ Kd7 40. Qf5+ Ke7 41. Qc5+ Kf6 42. Qxc6+ Re6 43. Qd5 Ke7 44. f5 1-0

[Event "Chigorin Memorial 23rd"]
[Site "St Petersburg"]
[Date "2015.10.08"]
[Round "6"]
[White "Tskhadadze, Anna"]
[Black "Golovkina, Anastasia"]
[Result "1-0"]
[WhiteElo "1988"]
[BlackElo "1790"]
[PlyCount "65"]
[EventDate "2015.10.03"]
[EventType "swiss"]
[EventRounds "9"]
[EventCountry "RUS"]
[SourceTitle "CBM 168 Extra"]
[Source "ChessBase"]
[SourceDate "2015.10.29"]
[SourceVersion "1"]
[SourceVersionDate "2015.10.29"]
[SourceQuality "1"]

1. c4 e5 2. g3 Nc6 3. Bg2 d6 4. Nc3 f5 5. d3 Nf6 6. e4 g6 7. Nge2 Bg7 8. 0-0 0-0 9. h3 Ne7 10. Be3 c6 11. f4 Be6 12. c5 exf4 13. gxf4 dxc5 14. Bxc5 fxe4 15. dxe4 Qc7 16. e5 Nh5 17. Qa4 Rfe8 18. Nd4 Nf5 19. Nxe6 Rxe6 20. Qb3 Qf7 21. Ne4 h6 22. Bd6 Bf8 23. Nc5 Ree8 24. e6 Qf6 25. e7+ Kh7 26. exf8Q Rxf8 27. Bxf8 Rxf8 28. Qxb7+ Rf7 29. Qb4 Ne3 30. Ne4 Qg7 31. Nd6 Re7 32. Rf2 Nxg2 33. Kxg2 1-0

[Event "St Petersburg-ch (Women)"]
[Site "St Petersburg"]
[Date "2015.03.29"]
[Round "7"]
[White "Golovkina, Anastasia"]
[Black "Tskhadadze, Anna"]
[Result "0-1"]
[WhiteElo "1837"]
[BlackElo "1885"]
[PlyCount "76"]
[EventDate "2015.03.23"]
[EventType "swiss"]
[EventRounds "9"]
[EventCountry "RUS"]
[SourceTitle "CBM 165 Extra"]
[Source "ChessBase"]
[SourceDate "2015.04.21"]
[SourceVersion "1"]
[SourceVersionDate "2015.04.21"]
[SourceQuality "1"]

1. e4 d5 2. exd5 Qxd5 3. Nf3 c6 4. d4 Bg4 5. Be2 e6 6. c4 Qd8 7. Nc3 Nf6 8. 0-0 h6 9. Be3 Bd6 10. h3 Bh5 11. Qc2 0-0 12. Rad1 Qe7 13. Rfe1 Nbd7 14. Nd2 Bxe2 15. Rxe2 Rac8 16. Nde4 Bb8 17. b3 Rfd8 18. Red2 Nxe4 19. Nxe4 f5 20. Nc5 f4 21. Nxb7 fxe3 22. fxe3 Rf8 23. e4 Rc7 24. Nc5 Nxc5 25. dxc5 Qxc5+ 26. Kh1 Rcf7 27. Qd3 Qe5 28. g3 Rf3 29. Qe2 Rxg3 30. Rd3 Rxd3 31. Rxd3 Rf4 32. Re3 Rh4 33. a4 Rf4 34. Kg2 a5 35. Qe1 Ba7 36. Re2 Rf6 37. Kh1 Qh5 38. Kh2 Rf3 0-1

[Event "St Petersburg-ch (Women)"]
[Site "St Petersburg"]
[Date "2015.03.24"]
[Round "2"]
[White "Zavgorodniaya, Alena"]
[Black "Golovkina, Anastasia"]
[Result "0-1"]
[WhiteElo "1986"]
[BlackElo "1837"]
[PlyCount "110"]
[EventDate "2015.03.23"]
[EventType "swiss"]
[EventRounds "9"]
[EventCountry "RUS"]
[SourceTitle "CBM 165 Extra"]
[Source "ChessBase"]
[SourceDate "2015.04.21"]
[SourceVersion "1"]
[SourceVersionDate "2015.04.21"]
[SourceQuality "1"]

1. e4 e5 2. Nf3 Nc6 3. d4 exd4 4. Nxd4 Bc5 5. Nb3 Bb6 6. Nc3 Nge7 7. Qe2 d6 8. Be3 Bxe3 9. Qxe3 Be6 10. 0-0-0 Bxb3 11. axb3 Qd7 12. Qg5 Ng6 13. Be2 Qe7 14. Qg4 Qe6 15. Qg3 Qe5 16. Qxe5+ Ngxe5 17. f4 Nd7 18. Nd5 0-0-0 19. Bb5 Rhe8 20. Rhe1 a6 21. Bxc6 bxc6 22. Nb4 Kb7 23. e5 dxe5 24. fxe5 Nc5 25. Rxd8 Rxd8 26. Re3 Kb6 27. Rg3 g6 28. Rf3 a5 29. Nd3 Nxd3+ 30. cxd3 Rd7 31. Kc2 Kc5 32. Kc3 Kd5 33. Re3 c5 34. Re4 Re7 35. Ra4 Rxe5 36. Rxa5 Kd6 37. Ra4 Re2 38. Rg4 c6 39. h3 f5 40. Rg3 Ke5 41. h4 Kf4 42. Rg5 Rf2 43. b4 cxb4+ 44. Kxb4 Rxb2+ 45. Kc3 Ra2 46. Kd4 Ra4+ 47. Kc5 Ke3 48. d4 Rxd4 49. Rg3+ Kf2 50. Ra3 Rxh4 51. Kxc6 Re4 52. Kd6 f4 53. Ra7 Kxg2 54. Rxh7 f3 55. Rg7 Rg4 0-1

[Event "EU-ch U12 Girls"]
[Site "Prague"]
[Date "2012.08.19"]
[Round "3"]
[White "Golovkina, Anastasia"]
[Black "Blazeka, Mihaela"]
[Result "0-1"]
[WhiteElo "1544"]
[BlackElo "1782"]
[PlyCount "112"]
[EventDate "2012.08.17"]
[EventType "swiss"]
[EventRounds "9"]
[EventCountry "CZE"]
[SourceTitle "CBM 150 Extra"]
[Source "ChessBase"]
[SourceDate "2012.10.19"]
[SourceVersion "1"]
[SourceVersionDate "2012.10.19"]
[SourceQuality "1"]

1. e4 e5 2. Nf3 Nc6 3. Bc4 Bc5 4. c3 Nf6 5. d4 exd4 6. e5 d5 7. Bb5 Ne4 8. cxd4 Bb4+ 9. Bd2 Nxd2 10. Bxc6+ bxc6 11. Nbxd2 0-0 12. 0-0 Qe7 13. a3 Ba5 14. Rc1 Bd7 15. Nb3 Bb6 16. Nfd2 f6 17. exf6 Qxf6 18. Nf3 Bg4 19. Rc3 Rae8 20. Qd2 Qf4 21. Rxc6 Bxf3 22. Qxf4 Rxf4 23. gxf3 Rxf3 24. Nc5 Re2 25. Na6 Bxd4 26. Nxc7 Rfxf2 27. Rxf2 Rxf2 28. Kh1 Be5 29. Nxd5 Rxh2+ 30. Kg1 Rxb2 31. Ra6 Kf8 32. Kf1 Bd4 33. Nb4 h5 34. Nc6 Rb6 35. Rxb6 Bxb6 36. Kg2 Kf7 37. Kh3 g5 38. a4 Kf6 39. Nb4 Kf5 40. Nd5 h4 41. Ne7+ Kf4 42. Ng6+ Ke4 43. Kg4 Be3 44. Ne7 Ke5 45. Nf5 Bf4 46. Ne7 Ke6 47. Nc6 Be3 48. Kf3 Kd6 49. Nd8 Bf4 50. Nf7+ Kc5 51. Nd8 a5 52. Nb7+ Kb4 53. Nxa5 Kxa5 54. Kg4 Kxa4 55. Kh3 Kb4 56. Kg2 g4 0-1

[Event "EU-ch U12 Girls"]
[Site "Prague"]
[Date "2012.08.17"]
[Round "1"]
[White "Kochukova, Anna"]
[Black "Golovkina, Anastasia"]
[Result "1-0"]
[WhiteElo "1981"]
[BlackElo "1544"]
[PlyCount "49"]
[EventDate "2012.08.17"]
[EventType "swiss"]
[EventRounds "9"]
[EventCountry "CZE"]
[SourceTitle "CBM 150 Extra"]
[Source "ChessBase"]
[SourceDate "2012.10.19"]
[SourceVersion "1"]
[SourceVersionDate "2012.10.19"]
[SourceQuality "1"]

1. e4 e5 2. Nf3 Nc6 3. d4 exd4 4. Bc4 Nf6 5. e5 d5 6. Bb5 Ne4 7. Nxd4 Bd7 8. Bxc6 bxc6 9. 0-0 Bc5 10. f3 Ng5 11. f4 Ne4 12. c3 0-0 13. Be3 Bb6 14. Nd2 Nxd2 15. Qxd2 f6 16. Rae1 fxe5 17. fxe5 Qe7 18. Bf2 c5 19. e6 Be8 20. Nf3 Bb5 21. Bh4 Qe8 22. Rf2 Qg6 23. Qxd5 Kh8 24. e7 Rfe8 25. Ne5 1-0